000 00149 a2200073 4500
020 _a9780799316124
082 _aAF HEIN
245 _aWraak van die adelaar
999 _c793782
_d793781
942 _w440
_xCathrine Sibiya
_y440
_zCathrine Sibiya